[Event "SF Reckenfeld 1 - SC Klein-Berlin Rhein"]
[Site "Verbandsklasse 2019/2020"]
[Date "2019.09.14"]
[Round "1.5"]
[White "Pohlmeier, Ulrich"]
[Black "Merschkoetter, Peter"]
[Result "1-0"]
[WhiteElo "1589"]
[BlackElo "1632"]
[PlyCount "85"]
[EventDate "2019.??.??"]
[SourceDate "2019.09.20"]

1. d4 f5 2. c4 Nf6 3. g3 e6 4. Bg2 c6 5. Nf3 d5 6. Qc2 Be7 7. O-O O-O 8. a3 a5
9. b3 h6 10. Bb2 Bd7 11. Nbd2 Be8 12. Ne5 Nbd7 13. Ndf3 Ne4 14. Nxd7 Qxd7 15.
Ne5 Qd8 16. Rad1 Rc8 17. f3 Nf6 18. e4 Nd7 19. exf5 exf5 20. f4 Nb6 21. Qc3
dxc4 22. bxc4 Na4 23. Qc2 Nxb2 24. Qxb2 Rb8 25. c5 Bf7 26. Rfe1 Bf6 27. Qc2 g6
28. Qc3 Kg7 29. Rb1 Qc7 30. Rb6 a4 31. Reb1 Bb3 32. Bf1 Rfd8 33. Bc4 Bxc4 34.
Qxc4 Rd5 35. Qxa4 Bxe5 36. fxe5 Rd7 37. Qc4 Qd8 38. R1b4 Qe7 39. Rxc6 Ra8 40.
Rcb6 Rxa3 41. Qe6 Qxe6 42. Rxe6 Kf7 43. Reb6 1-0

[Event "SF Reckenfeld 1 - SC Klein-Berlin Rhein"]
[Site "Verbandsklasse 2019/2020"]
[Date "2019.09.14"]
[Round "1.6"]
[White "Hokamp, Sascha"]
[Black "Engfer, Klaus"]
[Result "1-0"]
[WhiteElo "1855"]
[BlackElo "1570"]
[PlyCount "59"]
[EventDate "2019.??.??"]
[SourceDate "2019.09.20"]

1. d4 d5 2. Nf3 e6 3. g3 Nf6 4. Bg2 Be7 5. O-O O-O 6. c4 c5 7. cxd5 Nxd5 8. Nc3
Nxc3 9. bxc3 cxd4 10. cxd4 Nc6 11. e4 Bb4 12. Be3 Ba5 13. Qb3 Bb6 14. Rfd1 Na5
15. Qc2 Bd7 16. e5 Rc8 17. Qe4 Bc6 18. Qg4 f5 19. exf6 Qxf6 20. Ne5 Qf5 21.
Qxf5 exf5 22. d5 Be8 23. Bxb6 axb6 24. Rac1 Ba4 25. Re1 Rfe8 26. f4 b5 27. d6
Red8 28. Bd5+ Kf8 29. Rxc8 Rxc8 30. Nd7# 1-0

[Event "SF Reckenfeld 1 - SC Klein-Berlin Rhein"]
[Site "Verbandsklasse 2019/2020"]
[Date "2019.09.14"]
[Round "1.7"]
[White "Van Dam, Hans"]
[Black "Roewekamp, Andre"]
[Result "1/2-1/2"]
[WhiteElo "1601"]
[BlackElo "1622"]
[PlyCount "84"]
[EventDate "2019.??.??"]
[SourceDate "2019.09.20"]

1. e4 e5 2. Nf3 Nc6 3. d4 exd4 4. Bc4 Bb4+ 5. c3 dxc3 6. Nxc3 h6 7. O-O d6 8.
Qb3 Qd7 9. Nd5 Bc5 10. Qc3 f6 11. Nf4 Nge7 12. Ne6 Ng6 13. Nxc5 dxc5 14. Be3 b6
15. Rad1 Qe7 16. Bd5 Bb7 17. b4 Nd8 18. bxc5 Bxd5 19. exd5 O-O 20. Rfe1 Qf7 21.
c6 Ne7 22. Qb3 a5 23. Bf4 Ng6 24. Bc1 Kh8 25. Qe3 a4 26. Ba3 Rg8 27. Bb4 f5 28.
a3 Qf6 29. Ne5 Nf7 30. Nxg6+ Qxg6 31. Qf4 Nd6 32. Re6 Qh5 33. Rde1 Nb5 34. Qc4
Na7 35. Qf4 Nb5 36. f3 Rad8 37. R6e5 Rge8 38. g4 Qg6 39. Rxe8+ Rxe8 40. Rxe8+
Qxe8 41. Kf2 fxg4 42. fxg4 Kg8 1/2-1/2

[Event "SF Reckenfeld 1 - SC Klein-Berlin Rhein"]
[Site "Verbandsklasse 2019/2020"]
[Date "2019.09.14"]
[Round "1.8"]
[White "Richter, Michael4"]
[Black "Schmiemann, Karlheinz"]
[Result "1/2-1/2"]
[WhiteElo "1620"]
[BlackElo "1377"]
[PlyCount "33"]
[EventDate "2019.??.??"]
[SourceDate "2019.09.20"]

1. Nf3 c5 2. c4 Nf6 3. g3 e6 4. Bg2 Be7 5. O-O O-O 6. d4 d5 7. Qc2 Qb6 8. Be3
cxd4 9. Bxd4 Qc7 10. Rc1 Nc6 11. cxd5 exd5 12. Ne5 Bd7 13. Nxd7 Qxd7 14. Qd3
Rac8 15. Nd2 Nb4 16. Qb3 a5 17. a3 1/2-1/2

[Event "SV Heiden 1 - SV Heiden 2"]
[Site "Verbandsklasse 2019/2020"]
[Date "2019.09.14"]
[Round "1.1"]
[White "Wienen, Josef"]
[Black "Wienen, Hermann"]
[Result "0-1"]
[WhiteElo "1609"]
[BlackElo "1943"]
[PlyCount "68"]
[EventDate "2019.??.??"]
[SourceDate "2019.09.20"]

1. c4 Nf6 2. g3 e5 3. Bg2 c6 4. d3 Bc5 5. Nf3 O-O 6. O-O d6 7. Nc3 h6 8. a3 a5
9. Rb1 Bg4 10. b4 axb4 11. axb4 Bb6 12. Qb3 Nbd7 13. Na4 Bc7 14. Be3 Be6 15.
Qc2 Ng4 16. Bd2 Nb6 17. Nc3 d5 18. c5 Nd7 19. Na4 f5 20. h3 Ngf6 21. b5 Ba5 22.
bxc6 bxc6 23. Ra1 Bxd2 24. Qxd2 Qc7 25. e4 fxe4 26. dxe4 Nxe4 27. Qe3 Nef6 28.
Nb6 Rxa1 29. Rxa1 Rb8 30. Nd4 Nxc5 31. Nxe6 Nxe6 32. Na8 Qd6 33. Nb6 Nd4 34.
Ra6 c5 0-1

[Event "SV Heiden 1 - SV Heiden 2"]
[Site "Verbandsklasse 2019/2020"]
[Date "2019.09.14"]
[Round "1.2"]
[White "Berger, Alfred Josef"]
[Black "Buchner, Ralf"]
[Result "1-0"]
[WhiteElo "1869"]
[BlackElo "1684"]
[PlyCount "59"]
[EventDate "2019.??.??"]
[SourceDate "2019.09.20"]

1. Nf3 g6 2. c4 Bg7 3. e4 d6 4. d4 Nc6 5. d5 Ne5 6. Nxe5 Bxe5 7. Nc3 c5 8. Be3
Nf6 9. f3 Nh5 10. Qd2 Ng7 11. Bd3 O-O 12. g4 e6 13. O-O-O Qa5 14. h4 Bxc3 15.
Qxc3 Qxc3+ 16. bxc3 exd5 17. cxd5 Bd7 18. h5 b5 19. Bf4 Ne8 20. Bh6 Ng7 21. Bf4
Ne8 22. Bg5 f6 23. Bh6 Ng7 24. hxg6 hxg6 25. Bf4 c4 26. Be2 Ne8 27. Rh6 g5 28.
Bg3 Rf7 29. Rdh1 Kf8 30. Bxd6+ 1-0

[Event "SV Heiden 1 - SV Heiden 2"]
[Site "Verbandsklasse 2019/2020"]
[Date "2019.09.14"]
[Round "1.3"]
[White "Wichert, Michael"]
[Black "Sicking, Norbert"]
[Result "1/2-1/2"]
[WhiteElo "1730"]
[BlackElo "1756"]
[PlyCount "74"]
[EventDate "2019.??.??"]
[SourceDate "2019.09.20"]

1. b4 e5 2. Bb2 d6 3. e3 Nf6 4. Nf3 Be7 5. Be2 O-O 6. O-O Nbd7 7. c4 b6 8. Nc3
Bb7 9. d4 e4 10. Nd2 c6 11. Ndxe4 d5 12. Nxf6+ Nxf6 13. c5 b5 14. Qc2 a5 15. a3
Qd7 16. Rad1 axb4 17. axb4 Rfe8 18. Bd3 h6 19. f3 Bd8 20. Bf5 Qe7 21. e4 g6 22.
Bh3 dxe4 23. fxe4 Nxe4 24. Rde1 f5 25. Bxf5 gxf5 26. Rxf5 Qh7 27. Qb3+ Kh8 28.
Rxe4 Bg5 29. Rf7 Qg6 30. Nd1 Qxe4 31. d5+ Re5 32. d6 Rg8 33. Qh3 Bc8 34. d7
Bxd7 35. Qxd7 Be3+ 36. Nxe3 Qxe3+ 37. Rf2 Qe1+ 1/2-1/2

[Event "SV Heiden 1 - SV Heiden 2"]
[Site "Verbandsklasse 2019/2020"]
[Date "2019.09.14"]
[Round "1.4"]
[White "Niewerth, Gerd"]
[Black "Blobel, Tobias"]
[Result "1-0"]
[WhiteElo "1826"]
[BlackElo "1654"]
[PlyCount "59"]
[EventDate "2019.??.??"]
[SourceDate "2019.09.20"]

1. e4 e5 2. Nf3 Nf6 3. Nxe5 d6 4. Nf3 Nxe4 5. Nc3 Nxc3 6. bxc3 Bg4 7. Be2 Be7
8. O-O O-O 9. d4 Re8 10. Be3 Nd7 11. Qd3 Bf6 12. h3 Bh5 13. Qb5 c5 14. Qxb7 Nb6
15. Rab1 Re7 16. Qa6 Nd5 17. Qd3 Nxe3 18. fxe3 Qe8 19. Kf2 Qa4 20. Rb2 Rae8 21.
Rfb1 Bxf3 22. Bxf3 cxd4 23. exd4 Re3 24. Qxe3 Bh4+ 25. Ke2 Rxe3+ 26. Kxe3 Qe8+
27. Kd3 Bd8 28. Rb8 g6 29. Ra8 Qd7 30. Rbb8 1-0

[Event "SV Heiden 1 - SV Heiden 2"]
[Site "Verbandsklasse 2019/2020"]
[Date "2019.09.14"]
[Round "1.5"]
[White "Sicking, Andreas"]
[Black "Wigger, Niklas"]
[Result "1/2-1/2"]
[WhiteElo "1587"]
[BlackElo "1771"]
[PlyCount "43"]
[EventDate "2019.??.??"]
[SourceDate "2019.09.20"]

1. e4 c5 2. f4 d6 3. h3 Nc6 4. Nf3 e6 5. Be2 Be7 6. O-O Nf6 7. d3 a6 8. c3 b5
9. Qe1 Bb7 10. e5 Nd7 11. d4 Qc7 12. Be3 Rc8 13. Nbd2 b4 14. Ne4 Nxd4 15. Nxd6+
Bxd6 16. cxd4 Be7 17. Qg3 f6 18. Rfc1 Qa5 19. Qe1 O-O 20. a3 cxd4 21. Rxc8 Rxc8
22. Bxd4 1/2-1/2

[Event "SV Heiden 1 - SV Heiden 2"]
[Site "Verbandsklasse 2019/2020"]
[Date "2019.09.14"]
[Round "1.7"]
[White "Skrodzki, Heinz Werner"]
[Black "Vestrick, Frank"]
[Result "0-1"]
[WhiteElo "1526"]
[BlackElo "1667"]
[PlyCount "93"]
[EventDate "2019.??.??"]
[SourceDate "2019.09.20"]

1. d4 Nf6 2. c4 g6 3. Nc3 Bg7 4. e4 d6 5. Be2 O-O 6. Bg5 h6 7. Bh4 Nbd7 8. f4
c6 9. e5 Ne8 10. Nf3 Nb6 11. O-O Bg4 12. Kh1 Qc7 13. Nd2 Be6 14. Rc1 dxe5 15.
fxe5 Rd8 16. Bf2 Bf5 17. Nf3 Nd7 18. Bg3 e6 19. Nh4 c5 20. Nxf5 gxf5 21. Bh4 f6
22. Nb5 Qb6 23. exf6 Nexf6 24. Qb3 a6 25. Na3 Qxb3 26. axb3 cxd4 27. c5 Ne5 28.
Nc4 Nc6 29. Nd6 b5 30. Bf3 Nb4 31. Bg3 Nfd5 32. c6 f4 33. c7 Nxc7 34. Be1 Ncd5
35. Ne4 Nd3 36. Rc6 Ne3 37. Kg1 Nxf1 38. Kxf1 Rc8 39. Rxe6 Nxb2 40. Nd6 Rc2 41.
Bd5 Rc5 42. Bf3 Re5 43. Rxe5 Bxe5 44. Bd5+ Kg7 45. Ne4 Nd1 46. Ke2 Ne3 47. Bb4
0-1